MANAGEMENT ACCOUNTING (Record no. 16254)

MARC details
000 -LEADER
fixed length control field 00282nam a22001337a 4500
003 - CONTROL NUMBER IDENTIFIER
control field SGT
020 ## - INTERNATIONAL STANDARD BOOK NUMBER
International Standard Book Number 9780706998979
082 ## - DEWEY DECIMAL CLASSIFICATION NUMBER
Classification number 658.15
Item number PAN
100 ## - MAIN ENTRY--PERSONAL NAME
Personal name PANDEY, I.M
245 ## - TITLE STATEMENT
Title MANAGEMENT ACCOUNTING
260 ## - PUBLICATION, DISTRIBUTION, ETC. (IMPRINT)
Name of publisher, distributor, etc VIKAS PUBLISHING
Year of Publication 2018
300 ## - PAGE DESCRIPTION
No. of Pages 608
942 ## - ADDED ENTRY ELEMENTS (KOHA)
Source of classification or shelving scheme Dewey Decimal Classification
Koha item type Books
942 ## - ADDED ENTRY ELEMENTS (KOHA)
-- 20
Holdings
Withdrawn status Lost status Source of classification or shelving scheme Damaged status Not for loan Collection code Home library Current library Shelving location Date acquired Vendor Name Cost, normal purchase price SGTU Bill Number Total Checkouts Full call number Accession No. (Barcode) Date last seen Date last borrowed Bill Date Koha item type Total Renewals
    Dewey Decimal Classification     COMMERCE MANAGEMENT SGT Science & Social Sciences Library SGT Science & Social Sciences Library Text Book 11/12/2018 KIRTI PRAKASHAN 499.00 SGTU IN1748 5 658.15 PAN CM4841 18/03/2026 11/03/2026   Books  
    Dewey Decimal Classification     COMMERCE MANAGEMENT SGT Science & Social Sciences Library SGT Science & Social Sciences Library Text Book 11/12/2018 KIRTI PRAKASHAN 499.00 SGTU IN1748 13 658.15 PAN CM4842 19/03/2026 11/03/2026   Books  
    Dewey Decimal Classification     COMMERCE MANAGEMENT SGT Science & Social Sciences Library SGT Science & Social Sciences Library Text Book 11/12/2018 KIRTI PRAKASHAN 499.00 SGTU IN1748 8 658.15 PAN CM4843 05/05/2026 11/03/2026   Books 1
    Dewey Decimal Classification     COMMERCE MANAGEMENT SGT Science & Social Sciences Library SGT Science & Social Sciences Library Text Book 11/12/2018 KIRTI PRAKASHAN 499.00 SGTU IN1748 16 658.15 PAN CM4844 18/03/2026 11/03/2026   Books  
    Dewey Decimal Classification     COMMERCE MANAGEMENT SGT Science & Social Sciences Library SGT Science & Social Sciences Library Text Book 11/12/2018 KIRTI PRAKASHAN 499.00 SGTU IN1748 4 658.15 PAN CM4845 01/05/2026 11/03/2026   Books 1